[Event "4NCL Online Division 6"]
[Site "online"]
[Date "2021.02.09"]
[EventDate "2021.02.09"]
[Round "2.41"]
[White "Turner, Ben"]
[WhiteElo "1591"]
[WhiteTeam "MCS Oxford B"]
[Black "Du Boulay, Andrew"]
[BlackElo "1761"]
[BlackTeam "Hertford 2"]
[Result "0-1"]
[PlyCount "65"]

1. d4 d5 2. c4 e6 3. Nc3 Nf6 4. Bg5 Nbd7 5. e4 dxe4 6. Nxe4 Be7 7. Nxf6+ Nxf6 8. Nf3 h6 9. Be3 O-O 10. Bd3 c6 11. O-O Qc7 12. h3 Rd8 13. Bc2 c5 14. Bb3 cxd4 15. Bxd4 Bc5 16. Be5 Rxd1 17. Bxc7 Rxa1 18. Rxa1 Ne4 19. Rd1 Bxf2+ 20. Kf1 Bc5 21. Rd8+ Kh7 22. Bc2 f5 23. g4 Be7 24. Re8 Bf6 25. gxf5 exf5 26. b3 b6 27. Bxe4 fxe4 28. Rxe4 Bxh3+ 29. Kf2 Rf8 30. Ke3 Bg2 31. Rg4 Bxf3 32. Kxf3 Be5+ 33. Rf4 0-1

[Event "4NCL Online Division 6"]
[Site "online"]
[Date "2021.02.09"]
[EventDate "2021.02.09"]
[Round "2.42"]
[White "Tuveri, Aaron"]
[WhiteElo "1713"]
[WhiteTeam "Hertford 2"]
[Black "Hamid, Adam"]
[BlackElo "1596"]
[BlackTeam "MCS Oxford B"]
[Result "1/2-1/2"]
[PlyCount "56"]

1. c4 c5 2. Nc3 Nc6 3. g3 e6 4. e4 a6 5. Bg2 Qc7 6. Nge2 Nf6 7. d3 g6 8. h3 Bg7 9. Be3 d6 10. Qd2 Bd7 11. O-O O-O 12. Bh6 Nd4 13. Bxg7 Kxg7 14. Nxd4 cxd4 15. Ne2 e5 16. f4 b5 17. b3 Ne8 18. f5 f6 19. g4 bxc4 20. bxc4 Rb8 21. Rab1 g5 22. Rb2 Qa7 23. Rfb1 Nc7 24. h4 h6 25. hxg5 hxg5 26. Qa5 Rxb2 27. Rxb2 Rb8 28. Rb4 Kf7 1/2-1/2

[Event "4NCL Online Division 6"]
[Site "online"]
[Date "2021.02.09"]
[EventDate "2021.02.09"]
[Round "2.43"]
[White "Li, Reya"]
[WhiteElo "1462"]
[WhiteTeam "MCS Oxford B"]
[Black "Rudd, David R"]
[BlackElo "1693"]
[BlackTeam "Hertford 2"]
[Result "0-1"]
[PlyCount "48"]

1. e4 Nf6 2. e5 Nd5 3. d4 d6 4. c4 Nb6 5. Nf3 Bg4 6. Bf4 dxe5 7. Bxe5 Nc6 8. Nc3 Nxe5 9. dxe5 Qxd1+ 10. Rxd1 Bxf3 11. gxf3 a6 12. c5 Nd7 13. Bh3 e6 14. b4 Nxe5 15. Ke2 Be7 16. Bg2 Ng6 17. Rhg1 Rd8 18. Rxd8+ Bxd8 19. b5 axb5 20. Nxb5 O-O 21. Kd2 Be7 22. Rc1 Bg5+ 23. Kc2 Bxc1 24. Kxc1 Nf4 0-1

[Event "4NCL Online Division 6"]
[Site "online"]
[Date "2021.02.09"]
[EventDate "2021.02.09"]
[Round "2.44"]
[White "Marshall, Duncan"]
[WhiteElo "1649"]
[WhiteTeam "Hertford 2"]
[Black "Masacorale, Jamie"]
[BlackElo "1323"]
[BlackTeam "MCS Oxford B"]
[Result "0-1"]
[PlyCount "50"]

1. d4 d5 2. e3 Bf5 3. Ne2 e6 4. Nd2 c5 5. Ng3 Bg6 6. Nf3 Nc6 7. Bb5 a6 8. Bxc6+ bxc6 9. Ne5 Qc7 10. b3 cxd4 11. Nxg6 hxg6 12. Qxd4 Nf6 13. Bb2 Bd6 14. O-O-O Ke7 15. Rde1 Rad8 16. Kb1 c5 17. Qd1 Bxg3 18. hxg3 Rhg8 19. g4 Ne4 20. Qe2 Qa5 21. Rh3 Nc3+ 22. Bxc3 Qxc3 23. Qxa6 Qxe1+ 24. Kb2 Rd7 25. Qc6 Qa5 0-1

[Event "4NCL Online Division 6"]
[Site "online"]
[Date "2021.02.09"]
[EventDate "2021.02.09"]
[Round "2.51"]
[White "Mundy, Jack"]
[WhiteElo "1496"]
[WhiteTeam "Ashton 2"]
[Black "Janota, Paul S"]
[BlackElo "1795"]
[BlackTeam "Maidenhead 2"]
[Result "0-1"]
[PlyCount "88"]

1. e4 e5 2. f4 d5 3. exd5 e4 4. Nc3 Nf6 5. Bc4 Bc5 6. d4 exd3 7. Qxd3 O-O 8. Bd2 Ng4 9. Nh3 Re8+ 10. Ne2 c6 11. O-O-O b5 12. Bb3 a5 13. a4 bxa4 14. Bxa4 Ba6 15. c4 Ne3 16. Bxe3 Rxe3 17. Qc2 Qe7 18. Ng3 Bc8 19. dxc6 Na6 20. Ng5 g6 21. Nf3 Nb4 22. Qd2 Nd3+ 23. Kb1 Bb4 24. Qc2 Nxf4 25. Nd4 Bg4 26. Rdf1 Nd3 27. h3 Rxg3 28. hxg4 Nc5 29. Nb5 Rxg4 30. b3 Re8 31. Qd1 Nxa4 32. bxa4 Rxc4 33. c7 Qe4+ 34. Kb2 Qxg2+ 35. Kb1 Qe4+ 36. Kb2 Be7 37. Re1 Rb4+ 38. Ka2 Qc4+ 39. Ka3 Rxa4+ 40. Kb2 Qxb5+ 41. Qb3 Rb4 42. Rxe7 Rxb3+ 43. Kc2 Qc4+ 44. Kd2 Rxe7 0-1

[Event "4NCL Online Division 6"]
[Site "online"]
[Date "2021.02.09"]
[EventDate "2021.02.09"]
[Round "2.52"]
[White "Castaneda, William"]
[WhiteElo "1653"]
[WhiteTeam "Maidenhead 2"]
[Black "Rogers, Max"]
[BlackElo "1549"]
[BlackTeam "Ashton 2"]
[Result "1-0"]
[PlyCount "63"]

1. d4 d5 2. Nf3 Nf6 3. Bg5 h6 4. Bh4 e6 5. e3 Be7 6. c3 b6 7. Ne5 Nfd7 8. Bg3 Nxe5 9. Bxe5 Bf6 10. Bg3 c5 11. Nd2 Nc6 12. Nf3 O-O 13. Qc2 Qd7 14. h4 cxd4 15. Ng5 g6 16. Nf3 dxe3 17. fxe3 e5 18. Bb5 e4 19. Ne5 Bxe5 20. Bxe5 Qe6 21. Bxc6 Qxc6 22. O-O-O Be6 23. Bd4 Rad8 24. Qf2 Bf5 25. Rhg1 h5 26. Qf4 Kh7 27. Rdf1 Qe6 28. Qg3 Rg8 29. Qg5 Rde8 30. Rf2 Qe7 31. Rxf5 gxf5 32. Qxh5# 1-0

[Event "4NCL Online Division 6"]
[Site "online"]
[Date "2021.02.09"]
[EventDate "2021.02.09"]
[Round "2.53"]
[White "Supatan, Dawn"]
[WhiteElo "1419"]
[WhiteTeam "Ashton 2"]
[Black "Koppuravuri, Shrihan"]
[BlackElo "1475"]
[BlackTeam "Maidenhead 2"]
[Result "0-1"]
[PlyCount "90"]

1. e4 e5 2. Nc3 Nf6 3. f4 d6 4. Nf3 Nc6 5. Bb5 Bg4 6. O-O Be7 7. d3 O-O 8. Be3 exf4 9. Bxf4 Nd4 10. Be3 Nxf3+ 11. Rxf3 c6 12. Ba4 Qd7 13. Qf1 Bxf3 14. Qxf3 Qg4 15. Qf2 a5 16. a3 d5 17. exd5 Nxd5 18. Nxd5 cxd5 19. Bb3 Bh4 20. Qd2 d4 21. Bf2 Bxf2+ 22. Qxf2 Rae8 23. Re1 Rxe1+ 24. Qxe1 Qf4 25. h3 Qe3+ 26. Qxe3 dxe3 27. Kf1 Re8 28. Ke2 Kf8 29. d4 f5 30. Ba2 f4 31. c4 g5 32. d5 h6 33. d6 Rd8 34. c5 Ke8 35. b4 axb4 36. axb4 Kd7 37. Bd5 Rb8 38. g3 b6 39. gxf4 gxf4 40. Bf3 bxc5 41. bxc5 Rb5 42. c6+ Kxd6 43. Kd3 Rc5 44. Ke4 Rc4+ 45. Kd3 Rxc6 0-1

[Event "4NCL Online Division 6"]
[Site "online"]
[Date "2021.02.09"]
[EventDate "2021.02.09"]
[Round "2.54"]
[White "Nallaperumal, Kasi Veshagan"]
[WhiteElo "1495"]
[WhiteTeam "Maidenhead 2"]
[Black "Torregrosa, Sacha"]
[BlackElo "1154"]
[BlackTeam "Ashton 2"]
[Result "1-0"]
[PlyCount "24"]

1. d4 Nf6 2. Bf4 c5 3. e3 Qb6 4. Nf3 Qxb2 5. Nbd2 e6 6. Bd3 Nc6 7. O-O cxd4 8. exd4 Nxd4 9. Nc4 Nxf3+ 10. Qxf3 Qd4 11. Be5 Qg4 12. Be2 Qf4 1-0

[Event "4NCL Online Division 6"]
[Site "online"]
[Date "2021.02.09"]
[EventDate "2021.02.09"]
[Round "2.61"]
[White "Valentine, Brian J"]
[WhiteElo "1922"]
[WhiteTeam "MK Phoenix 3"]
[Black "Karacsony, Istvan"]
[BlackElo "1945"]
[BlackTeam "Redbridge All Sorts 2"]
[Result "1/2-1/2"]
[PlyCount "179"]

1. e4 c6 2. d4 d5 3. Nd2 dxe4 4. Nxe4 Bf5 5. Ng3 Bg6 6. Nf3 e6 7. h4 Nf6 8. h5 Be4 9. Nxe4 Nxe4 10. Bd3 Qd5 11. Qe2 Bb4+ 12. Kf1 Nf6 13. c4 Qd8 14. Bg5 h6 15. Bf4 Nbd7 16. a3 Ba5 17. b4 Bc7 18. Bxc7 Qxc7 19. Rd1 O-O-O 20. b5 c5 21. dxc5 Nxc5 22. Rh4 Rhe8 23. g3 Kb8 24. Bc2 Rxd1+ 25. Qxd1 e5 26. Qe2 e4 27. Nd4 e3 28. Nf5 exf2 29. Qxf2 Nce4 30. Qf4 Qxf4+ 31. gxf4 Nd2+ 32. Kf2 Nxc4 33. a4 Rd8 34. Bb3 Ne4+ 35. Ke1 Ned2 36. Bxc4 Nxc4 37. Nxg7 Rd4 38. Nf5 Re4+ 39. Kf2 Re6 40. Nd4 Rf6 41. f5 Nb6 42. a5 Nc4 43. a6 bxa6 44. Nc6+ Kc7 45. Ne7 Nb6 46. bxa6 Kd7 47. Re4 Nc8 48. Nxc8 Rxf5+ 49. Kg3 Kxc8 50. Kg4 Rf6 51. Re7 Kb8 52. Rd7 Rxa6 53. Rxf7 Ra4+ 54. Kf5 Ra5+ 55. Kg6 Ra6+ 56. Kg7 Rc6 57. Rf8+ Kb7 58. Rf7+ Kb6 59. Rf1 a5 60. Rb1+ Ka6 61. Ra1 Kb5 62. Rb1+ Ka6 63. Ra1 Kb6 64. Kh7 Kb5 65. Rb1+ Kc5 66. Rc1+ Kd5 67. Rf1 a4 68. Rf5+ Kc4 69. Ra5 Kb4 70. Ra7 a3 71. Rb7+ Kc3 72. Ra7 Kb3 73. Rb7+ Kc2 74. Ra7 Kb2 75. Rb7+ Ka1 76. Ra7 a2 77. Rb7 Ra6 78. Rb8 Rc6 79. Rb7 Rc2 80. Kxh6 Rb2 81. Ra7 Rg2 82. Rb7 Rb2 83. Ra7 Kb1 84. Kg7 Kc2 85. Rxa2 Rxa2 86. h6 Kd3 87. h7 Rg2+ 88. Kf7 Rh2 89. Kg7 Rxh7+ 90. Kxh7 1/2-1/2

[Event "4NCL Online Division 6"]
[Site "online"]
[Date "2021.02.09"]
[EventDate "2021.02.09"]
[Round "2.62"]
[White "Spurr, Michael"]
[WhiteElo "1860"]
[WhiteTeam "Redbridge All Sorts 2"]
[Black "Matthews, Adrian M S"]
[BlackElo "1883"]
[BlackTeam "MK Phoenix 3"]
[Result "1/2-1/2"]
[PlyCount "73"]

1. d4 Nf6 2. Nc3 d5 3. Bf4 g6 4. e3 Bg7 5. Be2 O-O 6. h4 h5 7. Nh3 c5 8. Nb5 Na6 9. c3 Bd7 10. a4 Bxb5 11. axb5 Nc7 12. b6 axb6 13. Rxa8 Nxa8 14. g4 hxg4 15. Bxg4 Nxg4 16. Qxg4 Qc8 17. Qg2 Qf5 18. O-O e5 19. dxe5 Bxe5 20. Qxd5 Bxf4 21. Qxf5 gxf5 22. Nxf4 Rd8 23. Re1 Nc7 24. Kg2 Ne6 25. Nxe6 fxe6 26. Re2 Kg7 27. f4 Kf6 28. Kf3 Rh8 29. Rh2 Rh5 30. Kg3 e5 31. Rd2 exf4+ 32. exf4 Ke6 33. c4 Rh7 34. Re2+ Kf6 35. Rd2 Ke6 36. Re2+ Kf6 37. Rd2 1/2-1/2

[Event "4NCL Online Division 6"]
[Site "online"]
[Date "2021.02.09"]
[EventDate "2021.02.09"]
[Round "2.63"]
[White "Whiteside, Robert"]
[WhiteElo "1876"]
[WhiteTeam "MK Phoenix 3"]
[Black "Sheard, Jack"]
[BlackElo "1856"]
[BlackTeam "Redbridge All Sorts 2"]
[Result "1-0"]
[PlyCount "45"]

1. e4 e6 2. d4 d5 3. Nc3 dxe4 4. Nxe4 Nd7 5. Nf3 Ngf6 6. Ng3 c5 7. Bc4 Be7 8. O-O O-O 9. dxc5 Bxc5 10. Qe2 b6 11. Be3 Be7 12. Nd4 Bb7 13. Rad1 Qc7 14. Bg5 Rfe8 15. Bd3 h6 16. Bd2 Nc5 17. Bc3 Nxd3 18. Qxd3 Red8 19. Qe2 Nd5 20. Nxe6 fxe6 21. Qxe6+ Kh8 22. Qxh6+ Kg8 23. Qxg7# 1-0

[Event "4NCL Online Division 6"]
[Site "online"]
[Date "2021.02.09"]
[EventDate "2021.02.09"]
[Round "2.64"]
[White "Muhunthan, Charukgan"]
[WhiteElo "1802"]
[WhiteTeam "Redbridge All Sorts 2"]
[Black "McCready, Mark"]
[BlackElo "1736"]
[BlackTeam "MK Phoenix 3"]
[Result "1-0"]
[PlyCount "47"]

1. e4 a6 2. d4 b5 3. Nf3 Bb7 4. Bd3 Nf6 5. e5 Nd5 6. O-O e6 7. c4 bxc4 8. Bxc4 c5 9. Be3 cxd4 10. Bxd4 Nc6 11. Bxd5 exd5 12. Nc3 Nxd4 13. Qxd4 Rc8 14. Nxd5 Bc5 15. Qe4 Bc6 16. Rac1 Be7 17. Nd4 Bxd5 18. Qxd5 g6 19. f4 O-O 20. f5 Re8 21. fxg6 Rf8 22. Rxc8 Qxc8 23. g7 Re8 24. Qxf7# 1-0

[Event "4NCL Online Division 6"]
[Site "online"]
[Date "2021.02.09"]
[EventDate "2021.02.09"]
[Round "2.71"]
[White "Thomas, Jacob"]
[WhiteElo "1452"]
[WhiteTeam "War & Piece 2"]
[Black "Wilson, Matthew R"]
[BlackElo "1891"]
[BlackTeam "Wolfpack 1"]
[Result "1-0"]
[PlyCount "67"]

1. e4 e5 2. Nf3 Nf6 3. Nxe5 d6 4. Nf3 Nxe4 5. d3 Nf6 6. Nc3 Be7 7. Be2 O-O 8. O-O d5 9. Bg5 h6 10. Bh4 Be6 11. Nd4 Bd7 12. Bf3 c6 13. Re1 Na6 14. a3 Bc5 15. Nb3 Bd6 16. Qd2 Nc7 17. Re2 Ne6 18. Rae1 Bf4 19. Qd1 g5 20. Bg3 Bxg3 21. hxg3 g4 22. Bxd5 cxd5 23. Re5 Bc6 24. d4 b6 25. Nd2 Nxd4 26. Nf1 Nb5 27. Nh2 Nxc3 28. bxc3 Bd7 29. f3 Be6 30. fxg4 Ne4 31. Qd4 b5 32. Rh5 Qb6 33. Rxh6 Nxc3 34. Rh8# 1-0

[Event "4NCL Online Division 6"]
[Site "online"]
[Date "2021.02.09"]
[EventDate "2021.02.09"]
[Round "2.72"]
[White "Bloom, Paul"]
[WhiteElo "1700"]
[WhiteTeam "Wolfpack 1"]
[Black "O'Neill, Stephen G"]
[BlackElo "1423"]
[BlackTeam "War & Piece 2"]
[Result "1-0"]
[PlyCount "45"]

1. e4 c6 2. d4 d6 3. Nc3 Nf6 4. Bd3 e6 5. Nge2 e5 6. O-O exd4 7. Nxd4 c5 8. Nf5 g6 9. Ng3 Bg7 10. Re1 O-O 11. Bg5 Qb6 12. Qc1 Ng4 13. h3 Ne5 14. Nd5 Nxd3 15. Nxb6 Nxc1 16. Nxa8 Nxa2 17. Rxa2 Na6 18. Be7 Be6 19. Rxa6 Rxa8 20. Rxd6 Bxb2 21. Rd8+ Rxd8 22. Bxd8 Kf8 23. Rb1 1-0

[Event "4NCL Online Division 6"]
[Site "online"]
[Date "2021.02.09"]
[EventDate "2021.02.09"]
[Round "2.73"]
[White "Blair, Jimmy"]
[WhiteElo "1373"]
[WhiteTeam "War & Piece 2"]
[Black "Gliddon, Daniel J"]
[BlackElo "1696"]
[BlackTeam "Wolfpack 1"]
[Result "1-0"]
[PlyCount "55"]

1. e4 d6 2. Nf3 Nf6 3. Nc3 g6 4. Bc4 Bg7 5. O-O O-O 6. d4 Re8 7. Ng5 e6 8. e5 dxe5 9. dxe5 Qxd1 10. Rxd1 Nfd7 11. f4 b6 12. Nb5 Na6 13. a3 h6 14. Nf3 Ndc5 15. b4 Ne4 16. Re1 Bb7 17. Bd3 Nd6 18. Nxd6 cxd6 19. Bb2 d5 20. Nd4 Rac8 21. Nb5 Bf8 22. Nxa7 Ra8 23. Nb5 Rec8 24. Bd4 Rc6 25. Rac1 Rac8 26. Na7 R8c7 27. Nxc6 Rxc6 28. b5 1-0

[Event "4NCL Online Division 6"]
[Site "online"]
[Date "2021.02.09"]
[EventDate "2021.02.09"]
[Round "2.74"]
[White "Hayden, Luke"]
[WhiteElo "1636"]
[WhiteTeam "Wolfpack 1"]
[Black "Townend, A Ron"]
[BlackElo "117"]
[BlackTeam "War & Piece 2"]
[Result "1-0"]
[PlyCount "71"]

1. e4 c6 2. d3 d5 3. Nf3 Bg4 4. h3 Bh5 5. g4 Bg6 6. Nc3 dxe4 7. Nxe4 Bxe4 8. dxe4 Qxd1+ 9. Kxd1 Nf6 10. e5 Nd5 11. c4 Nc7 12. Be3 Ne6 13. Kc2 Nd7 14. Rd1 g6 15. h4 Bg7 16. Bh3 Nxe5 17. Nxe5 Bxe5 18. g5 b6 19. h5 Nf8 20. f4 Bd6 21. a3 e6 22. Rxd6 c5 23. Bg2 Rd8 24. Rxd8+ Kxd8 25. Rd1+ Kc7 26. h6 Nd7 27. b4 cxb4 28. axb4 Rf8 29. Ra1 Kb8 30. Bc6 Rd8 31. Bxd7 Rxd7 32. Rd1 Re7 33. Kc3 Kc8 34. Bd4 Rd7 35. Rd3 a5 36. Bxb6 1-0

[Event "4NCL Online Division 6"]
[Site "online"]
[Date "2021.02.09"]
[EventDate "2021.02.09"]
[Round "2.81"]
[White "Holliday, John K"]
[WhiteElo "1649"]
[WhiteTeam "Bradford DCA Knights C"]
[Black "Strong, Chris M"]
[BlackElo "1776"]
[BlackTeam "Wells Globetrotters"]
[Result "1/2-1/2"]
[PlyCount "97"]

1. e4 c5 2. Nf3 d6 3. d4 cxd4 4. Nxd4 Nf6 5. Nc3 g6 6. Bd3 Bg7 7. Be3 Nc6 8. O-O Ng4 9. Nxc6 Nxe3 10. Nxd8 Nxd1 11. Raxd1 Kxd8 12. Bc4 Rf8 13. f4 a6 14. e5 Kc7 15. Nd5+ Kc6 16. Nxe7+ Kc5 17. Bb3 dxe5 18. Rd5+ Kb6 19. Nxc8+ Raxc8 20. fxe5 Rce8 21. Rd6+ Kc7 22. Rfd1 Rxe5 23. Rd7+ Kc6 24. Bxf7 Re1+ 25. Rxe1 Kxd7 26. Be6+ Kd6 27. Bb3 Bd4+ 28. Kh1 Bxb2 29. g3 Rf6 30. Kg2 b5 31. Rf1 Rxf1 32. Kxf1 h6 33. Ke2 Bd4 34. Bf7 g5 35. Kf3 Bg1 36. h4 gxh4 37. gxh4 Ke5 38. c3 Bh2 39. Kg4 Kf6 40. Bb3 Be5 41. c4 bxc4 42. Bxc4 a5 43. a4 Kg6 44. h5+ Kf6 45. Bb5 Bc3 46. Be8 Be5 47. Bb5 Bc3 48. Be8 Be5 49. Bb5 1/2-1/2

[Event "4NCL Online Division 6"]
[Site "online"]
[Date "2021.02.09"]
[EventDate "2021.02.09"]
[Round "2.82"]
[White "Humphreys, Paul"]
[WhiteElo "1700"]
[WhiteTeam "Wells Globetrotters"]
[Black "Redmond, Nigel"]
[BlackElo "1600"]
[BlackTeam "Bradford DCA Knights C"]
[Result "1-0"]
[PlyCount "121"]

1. d4 d5 2. Bf4 e6 3. Nc3 c6 4. a3 Bd6 5. Bg3 f5 6. Nf3 Nf6 7. e3 O-O 8. Ne5 Qe8 9. Be2 Bd7 10. h4 Bxe5 11. Bxe5 Ne4 12. Nxe4 fxe4 13. Bh5 Qe7 14. Qg4 Be8 15. Bxe8 Rxe8 16. Rh3 Nd7 17. Bf4 Kh8 18. O-O-O c5 19. dxc5 Nxc5 20. h5 Rac8 21. Kb1 Nd7 22. h6 g6 23. Qe2 Qc5 24. f3 exf3 25. Rxf3 Rf8 26. Rdf1 a6 27. R3f2 b5 28. Qg4 Qe7 29. Bg5 Qd6 30. Rxf8+ Rxf8 31. Rxf8+ Nxf8 32. Qd4+ e5 33. Qa7 Nd7 34. Qa8+ Qf8 35. Qxd5 Qf1+ 36. Ka2 Qc4+ 37. Qxc4 bxc4 38. b4 cxb3+ 39. cxb3 e4 40. Kb2 Kg8 41. Kc3 Kf7 42. Kd4 Ke6 43. g4 Kd6 44. b4 Nb6 45. Kxe4 Nc4 46. a4 Nb6 47. a5 Nd7 48. Bf4+ Kc6 49. g5 Kb5 50. Bd6 Kc6 51. Be7 Kb5 52. Kd5 Nb8 53. Ke6 Nc6 54. Kf7 Nxe7 55. Kxe7 Kxb4 56. Kf7 Kxa5 57. Kg7 Kb5 58. Kxh7 a5 59. Kg8 a4 60. h7 a3 61. h8=Q 1-0

[Event "4NCL Online Division 6"]
[Site "online"]
[Date "2021.02.09"]
[EventDate "2021.02.09"]
[Round "2.83"]
[White "Gallagher, Dominic"]
[WhiteElo "1590"]
[WhiteTeam "Bradford DCA Knights C"]
[Black "Goatcher, Matthew W"]
[BlackElo "1676"]
[BlackTeam "Wells Globetrotters"]
[Result "1-0"]
[PlyCount "61"]

1. d4 Nf6 2. Bf4 g6 3. Nc3 Bg7 4. e4 d6 5. Nf3 O-O 6. Qd2 Nbd7 7. Bh6 c6 8. O-O-O a5 9. h4 Bxh6 10. Qxh6 Ng4 11. Qd2 h5 12. Ng5 Kg7 13. f3 Nh6 14. Bd3 b5 15. g4 Nf6 16. gxh5 Nxh5 17. Rdg1 f6 18. Nh3 Bxh3 19. Rxh3 e5 20. Ne2 Rh8 21. f4 Kf7 22. f5 gxf5 23. exf5 Ng8 24. Qc3 Qb6 25. dxe5 fxe5 26. f6 Nf4 27. Rhg3 Nxf6 28. Nxf4 exf4 29. Rg7+ Ke6 30. Re1+ Kd5 31. Rg5# 1-0

[Event "4NCL Online Division 6"]
[Site "online"]
[Date "2021.02.09"]
[EventDate "2021.02.09"]
[Round "2.84"]
[White "Rossi, Jonathan"]
[WhiteElo "1489"]
[WhiteTeam "Wells Globetrotters"]
[Black "Waite, Nicholas"]
[BlackElo "1362"]
[BlackTeam "Bradford DCA Knights C"]
[Result "0-1"]
[PlyCount "66"]

1. c4 g6 2. Nc3 Bg7 3. g3 c5 4. Bg2 d6 5. Nf3 f5 6. d4 Bd7 7. O-O Nc6 8. d5 Bxc3 9. bxc3 Na5 10. Qd3 h6 11. Nd2 Nf6 12. Nb3 h5 13. Bg5 Nh7 14. f4 Nxg5 15. fxg5 e6 16. h4 e5 17. e4 O-O 18. Rf2 b5 19. Nxa5 Qxa5 20. Rb1 a6 21. cxb5 Bxb5 22. c4 Bd7 23. Rbf1 fxe4 24. Rxf8+ Rxf8 25. Rxf8+ Kxf8 26. Qxe4 Kg7 27. Qe2 Qc3 28. Qf1 Qd4+ 29. Kh2 Bf5 30. Bh3 Qd2+ 31. Qg2 Qxg2+ 32. Kxg2 Bd3 33. Bc8 Bxc4 0-1

[Event "4NCL Online Division 6"]
[Site "online"]
[Date "2021.02.09"]
[EventDate "2021.02.09"]
[Round "2.91"]
[White "Healey, Grant"]
[WhiteElo "1872"]
[WhiteTeam "Camborne Pendarves"]
[Black "Clark, Richard"]
[BlackElo "1885"]
[BlackTeam "Cornish Pirates"]
[Result "0-1"]
[PlyCount "194"]

1. d4 g6 2. Nf3 Bg7 3. Bg5 c5 4. c3 cxd4 5. Nxd4 d6 6. e3 Nf6 7. Nd2 Nc6 8. Bb5 Bd7 9. O-O a6 10. Ba4 Qa5 11. Bh4 Qh5 12. Bg3 Qxd1 13. Raxd1 b5 14. Bc2 Nxd4 15. exd4 O-O 16. Rfe1 Rfe8 17. Bb3 Bg4 18. f3 Bf5 19. Ne4 Nxe4 20. fxe4 Be6 21. d5 Bg4 22. Rd2 a5 23. a3 b4 24. axb4 axb4 25. c4 Ra5 26. h3 Bd7 27. Rde2 Bd4+ 28. Kh2 f6 29. Rf1 Rea8 30. Be1 Ra1 31. Rf3 Ba4 32. Bxb4 Bxb3 33. Rxb3 Be5+ 34. g3 Rf1 35. Kg2 Raa1 36. h4 Rg1+ 37. Kh3 Rh1+ 38. Rh2 Rhc1 39. Bc3 Bxc3 40. bxc3 Re1 41. Rhb2 Rh1+ 42. Kg4 h5+ 43. Kf3 Rhf1+ 44. Rf2 Rxf2+ 45. Kxf2 Ra2+ 46. Kf3 Ra1 47. Kf4 Rf1+ 48. Ke3 Re1+ 49. Kf3 Kf7 50. Rb7 Rd1 51. Ke2 Rg1 52. Kf2 Rc1 53. Rb3 Rc2+ 54. Ke3 Rg2 55. Kf3 Rd2 56. Ke3 Rg2 57. Kd4 Rxg3 58. c5 dxc5+ 59. Kxc5 Rg4 60. Rb7 Rxe4 61. d6 Ke8 62. d7+ Kd8 63. c4 g5 64. Kd5 Re5+ 65. Kc6 Re6+ 66. Kb5 Rd6 67. c5 Rxd7 68. Rb8+ Kc7 69. Rh8 gxh4 70. Rxh5 Rd4 71. Rh7 Re4 72. Rh6 Rg4 73. Rh7 Kd7 74. Rh5 Re4 75. Rd5+ Ke6 76. Rd3 Re5 77. Kb6 Re4 78. c6 Rb4+ 79. Kc7 Re4 80. Kc8 f5 81. Kd8 f4 82. c7 Rc4 83. Rd7 f3 84. Rxe7+ Kf6 85. Ke8 Rc3 86. Rf7+ Kg5 87. Kd8 Rd3+ 88. Rd7 Rc3 89. Rf7 Kg4 90. Rg7+ Kh3 91. Rf7 Kg2 92. Rg7+ Kh2 93. Rf7 h3 94. Rxf3 Rxf3 95. c8=Q Rf8+ 96. Kd7 Rxc8 97. Kxc8 Kg2 0-1

[Event "4NCL Online Division 6"]
[Site "online"]
[Date "2021.02.09"]
[EventDate "2021.02.09"]
[Round "2.92"]
[White "JimÃ©nez PatiÃ±o, Manuel David"]
[WhiteElo "1704"]
[WhiteTeam "Cornish Pirates"]
[Black "Smith, Richard AL"]
[BlackElo "1728"]
[BlackTeam "Camborne Pendarves"]
[Result "0-1"]
[PlyCount "68"]

1. c4 Nf6 2. g3 e5 3. Bg2 Nc6 4. d3 Bc5 5. Nf3 O-O 6. O-O d6 7. Nc3 a6 8. Bg5 h6 9. Bxf6 Qxf6 10. a3 Qd8 11. b4 Ba7 12. Nd2 Rb8 13. Rb1 Bd7 14. b5 axb5 15. cxb5 Ne7 16. a4 c6 17. bxc6 Bxc6 18. Bxc6 bxc6 19. Rxb8 Qxb8 20. Qb1 Qc7 21. Qc2 Rc8 22. Rb1 d5 23. Qb2 Rb8 24. Qc2 Rb6 25. e3 Rxb1+ 26. Qxb1 Qa5 27. Qc2 d4 28. Nd1 dxe3 29. Nxe3 Bxe3 30. fxe3 Nd5 31. Kf2 Nb4 32. Nc4 Qd5 33. Qb3 Nxd3+ 34. Ke2 Nc1+ 0-1

[Event "4NCL Online Division 6"]
[Site "online"]
[Date "2021.02.09"]
[EventDate "2021.02.09"]
[Round "2.93"]
[White "Macphail, Kieran"]
[WhiteElo "1659"]
[WhiteTeam "Camborne Pendarves"]
[Black "Robinson, Neil"]
[BlackElo "1657"]
[BlackTeam "Cornish Pirates"]
[Result "1-0"]
[PlyCount "53"]

1. e4 c6 2. d4 d5 3. e5 c5 4. dxc5 Qa5+ 5. Nc3 e6 6. Be3 a6 7. Qd4 Nc6 8. Qa4 Qxa4 9. Nxa4 Nxe5 10. Nb6 Rb8 11. Bf4 f6 12. b4 Bd7 13. Bxe5 fxe5 14. Nf3 e4 15. Ne5 Nf6 16. g4 Bc6 17. a4 Nd7 18. Nxc6 bxc6 19. a5 Nxc5 20. bxc5 Bxc5 21. Bxa6 Rf8 22. Rf1 Rf3 23. Be2 Bb4+ 24. Kd1 Rh3 25. a6 Ra3 26. Rxa3 Bxa3 27. a7 1-0

[Event "4NCL Online Division 6"]
[Site "online"]
[Date "2021.02.09"]
[EventDate "2021.02.09"]
[Round "2.94"]
[White "Jones, Bryan"]
[WhiteElo "1555"]
[WhiteTeam "Cornish Pirates"]
[Black "Pope, Martin"]
[BlackElo "1651"]
[BlackTeam "Camborne Pendarves"]
[Result "0-1"]
[PlyCount "126"]

1. e4 d5 2. exd5 Qxd5 3. Nc3 Qa5 4. d4 Nf6 5. Bd2 c6 6. Nf3 Bg4 7. Be2 e6 8. O-O Nbd7 9. Ne4 Qb6 10. Nxf6+ Nxf6 11. Ne5 Bxe2 12. Qxe2 Qxd4 13. Bc3 Qe4 14. Qxe4 Nxe4 15. Bd4 f6 16. Nc4 Nd6 17. Na5 Nf5 18. Bc3 O-O-O 19. Rad1 Be7 20. Rfe1 e5 21. Nb3 Bd6 22. Rd2 b6 23. Red1 Bc7 24. Rxd8+ Rxd8 25. Rxd8+ Bxd8 26. Kf1 Kd7 27. Ke2 c5 28. Kf3 Nd6 29. Nd2 Ke6 30. b3 f5 31. a4 e4+ 32. Ke3 Bg5+ 33. Ke2 Bf6 34. Bxf6 Kxf6 35. Ke3 g5 36. f3 f4+ 37. Ke2 e3 38. Nb1 Ke5 39. c3 a6 40. Na3 b5 41. axb5 axb5 42. Nc2 h5 43. h3 Kd5 44. Ne1 Nf5 45. Nc2 Ng3+ 46. Ke1 Nf5 47. Ke2 Ne7 48. Kd3 c4+ 49. bxc4+ bxc4+ 50. Ke2 Nc6 51. Na3 Ne5 52. Nb5 Nd3 53. Na3 Nc1+ 54. Ke1 Na2 55. Nb1 Ke5 56. Ke2 Kf5 57. Ke1 g4 58. hxg4+ hxg4 59. Na3 Nxc3 60. Nxc4 gxf3 61. gxf3 Nb5 62. Nxe3+ fxe3 63. Ke2 Kf4 0-1

[Event "4NCL Online Division 6"]
[Site "online"]
[Date "2021.02.09"]
[EventDate "2021.02.09"]
[Round "2.101"]
[White "Vann, Richard P"]
[WhiteElo "1829"]
[WhiteTeam "Ashby Ivanhoe"]
[Black "Wooster, Nick"]
[BlackElo "1649"]
[BlackTeam "Hertford 3"]
[Result "1/2-1/2"]
[PlyCount "83"]

1. e4 c5 2. d4 cxd4 3. c3 e6 4. cxd4 d6 5. Nc3 Be7 6. Nf3 Nf6 7. Bc4 O-O 8. O-O h6 9. e5 dxe5 10. dxe5 Qxd1 11. Rxd1 Nfd7 12. Bf4 Nc6 13. Rac1 a6 14. h3 Nb6 15. Bb3 Rd8 16. Rxd8+ Bxd8 17. Ne4 Bc7 18. Bg3 Bd7 19. a3 Be8 20. Nd6 Bxd6 21. exd6 Bd7 22. Ne5 Nxe5 23. Bxe5 Rc8 24. Rc7 Rxc7 25. dxc7 Kf8 26. f4 Nc8 27. Kf2 f6 28. Bd4 Ke7 29. Bc5+ Ke8 30. Ke3 Kf7 31. f5 b6 32. Bd4 Ke7 33. fxe6 Bxe6 34. Bxe6 Kxe6 35. Kf4 g6 36. h4 h5 37. g4 hxg4 38. Kxg4 Ke7 39. Kf4 g5+ 40. hxg5 fxg5+ 41. Kxg5 Kd6 42. Kf5 1/2-1/2

[Event "4NCL Online Division 6"]
[Site "online"]
[Date "2021.02.09"]
[EventDate "2021.02.09"]
[Round "2.102"]
[White "Hutton, Allan"]
[WhiteElo "1563"]
[WhiteTeam "Hertford 3"]
[Black "Wilson, Andrew B"]
[BlackElo "1654"]
[BlackTeam "Ashby Ivanhoe"]
[Result "0-1"]
[PlyCount "80"]

1. d4 Nf6 2. c4 e5 3. dxe5 Ng4 4. Nf3 Bc5 5. e3 Nc6 6. h3 Ngxe5 7. Be2 Nxf3+ 8. Bxf3 Ne5 9. O-O Nxf3+ 10. Qxf3 O-O 11. b3 a5 12. a4 Ra6 13. Bb2 Rg6 14. Nd2 d6 15. Bd4 Bb4 16. Ne4 Bd7 17. Ng3 Bc6 18. Qf4 Qg5 19. Qxg5 Rxg5 20. Kh2 f5 21. f4 Rg6 22. Rg1 Rh6 23. Ne2 Be4 24. g4 fxg4 25. Rxg4 Rf7 26. Rag1 Rg6 27. Rxg6 Bxg6 28. Ng3 c5 29. Bb2 Bc2 30. Nh5 g6 31. Nf6+ Kf8 32. e4 Bd2 33. Nd5 Bxf4+ 34. Nxf4 Rxf4 35. Rg3 Bxe4 36. Kg1 Rf3 37. Rxf3+ Bxf3 38. h4 Bd1 39. b4 axb4 40. a5 Bb3 0-1